00000000cam 2200000zi 4500
0019.950279
003CaOODSP
00520260527092955
006m     o  d f      
007cr cn|||||||||
008250422t20252025oncab   obu  f001 0 eng d
020 |a9780660769943
040 |aCaOODSP|beng|erda|cCaOODSP
043 |an-cn---
0861 |aNR24-24/2025E-PDF
24500|aNational Energy Code of Canada for Buildings 2025 / |cdeveloped by the Canadian Board for Harmonized Construction Codes.
250 |aSixth edition 2025.
264 1|aOttawa, Ontario : |bNational Research Council of Canada, |c2025.
264 4|c©2025
300 |a1 online resource (1 volume (various pagings)) : |billustrations, maps
336 |atext|btxt|2rdacontent
337 |acomputer|bc|2rdamedia
338 |aonline resource|bcr|2rdacarrier
500 |a"First printing."
500 |a"This publication was made possible with the technical and financial support of: Natural Resources Canada.
500 |aIssued also in French under title: Code national de l'énergie pour les bâtiments - Canada 2025.
504 |aIncludes bibliographical references and index.
520 |a"The National Energy Code of Canada for Buildings (NECB) is one of the five National Model Codes, along with the National Building Code of Canada (NBC), the National Plumbing Code of Canada (NPC), the National Fire Code of Canada (NFC) and the National Farm Building Code of Canada (last updated in 1995). In Canada, provincial and territorial governments have the authority to enact legislation that regulates building design and construction within their jurisdictions. This legislation may involve the adoption of the NECB without change or with modifications to suit local needs, and the enactment of other laws and regulations regarding building design and construction. Persons involved in the design or construction of a building should consult the provincial or territorial jurisdiction concerned to confirm what requirements are applicable"--Preface, page v.
530 |aIssued also in printed form.
650 0|aArchitecture and energy conservation|xLaw and legislation|zCanada.
650 0|aBuildings|xEnergy conservation|xLaw and legislation|zCanada.
650 0|aArchitecture and energy conservation|xStandards|zCanada.
650 0|aBuildings|xEnergy conservation|xStandards|zCanada.
7102 |aCanadian Board for Harmonized Construction Codes, |eissuing body.
7102 |aNational Research Council of Canada, |eissuing body.
7101 |aCanada. |bNatural Resources Canada, |esponsoring body.
77508|tCode national de l'énergie pour les bâtiments - Canada 2025 / |w(CaOODSP)9.950283
7760#|tNational Energy Code of Canada for Buildings 2025 / |w(CaOODSP)9.950280
795 |tNational Energy Code of Canada for Buildings 2020 / |bFifth edition 2020|w(CaOODSP)9.897536
85640|qPDF|s2.78 MB|uhttps://publications.gc.ca/collections/collection_2026/cnrc-nrc/NR24-24-2025-eng.pdf
986 |aNRCC-CONST-56758E